00793nam a2200253 a 4500001000900000005001700009008003900026020001500065020002200080040001800102050002200120100001500142245006000157250001000217260001100227260008300238300003100321440004200352500002100394500003500415504003200450650001500482710004200497BRCA_35920190320202955.0870731s1988 enka b 001 0 eng a0080349323 a0080349307 (pbk.) aDLCcDLCdDLC 4aNK3780b.R27 19881 aRado, Paul10aAn Introduction to the Technology of PotterycPaul Rado a2 ed. aOxford aNueva YorkbPublished on behalf of the Institute of Ceramics by Pergamonc1988 axviii, 266 p.bil.c24 cm. 0aInstitute of Ceramics Textbook Series aIncluye glosario aDonación Consejo Británico aBibliografía: p. 241-251.14aCerámica2 aInstitute of Ceramics (Great Britain)